000 00932cam a2200265Ma 4500
005 20180312142010.0
008 140425s1996 enka gr 000 j eng d
020 _a0140369317
020 _a9681656741
040 _aCO-BoUCM
_bspa
_cJose A. Gerena
_dJose A. Gerena
041 _aspa
100 1 _aFine, Anne
_960211
245 1 3 _aEl diario de un gato asesino
_cAnne Fine ; ilustrado por Steve Cox
260 _aLondres, (Inglaterra)
_bFondo de cultura económica
_c1996
300 _a46 páginas
_bilustraciones
490 _aA la orilla del viento
_v113
650 7 _aCuentos infantiles
_912283
650 7 _aLibros ilustrados para niños
_918516
650 7 _aLiteratura infantil inglesa
_937709
690 _942863
_aLiteratura europea
700 1 _aCox, Steve
_eilustrador
_960212
765 _tThe diary of a killer cat
942 _a18
_cLIBRO
_e1
_mF495d
_2DEWEY
_h828.914
_n0
999 _c242078
_d242078